00610nam a2200193Ia 4500008004100000020001400041082001400055100002000069245003800089250000700127260004500134300003000179500001900209600002700228650002000255942000700275952011900282999001500401240925s9999 xx 000 0 und d a138564698 a512.5 BRE aBretscher, Otto 0aLinear Algebra: with applications aNA aNew Jersey:bPrintice- Hall Int.c,1997. axxix,895p.bNAfPhotocopy aIncludes Index aEngineering Technology aNatural Science cBK 001040708ETaUITUbUITUd2001-12-09eBook Netg195.00l0o512.5 BREpQ3941r2024-09-25 07:13:20w2024-09-25yBK c6440d6440